000 00442cam a2200181ua 4500
020 _cRS. 46.98
041 _aeng
_h
082 _a581.4
_bHAL/PL
100 _aHall, M . A .
245 0 0 _aPlant structure, function and adaptation
250 _a1 /
_b.
260 _a :
_bEnglish language book society and Macmillan ,
_c1978.
300 _a443 ; .
365 _aRS. 46.98
504 _a
942 _cBK
999 _c1340
_d1340